| 000 | 00716nam a22002177a 4500 | ||
|---|---|---|---|
| 005 | 20260702104401.0 | ||
| 010 | _aENG-148960 | ||
| 020 |
_c495.00 _a9789382120032 |
||
| 035 | _aEN-132492 | ||
| 037 | _bDBAD | ||
| 082 |
_a307.14 _21 |
||
| 100 |
_aSahu, B.P _989488 |
||
| 245 |
_aNGO in Rural Development/ _cB.P. Sahu; Jeevan Thapa [and] Deepak Kumar Pradhan |
||
| 250 | _a1 | ||
| 260 |
_aNew Delhi _bLakshi Publishers & Distributers _c2012 |
||
| 270 |
_bNew Delhi _aH.O.: 4/22E, Saket Block, Mandawali Fazalpur, New Delhi _e110092 |
||
| 300 |
_a113p. _c22cm(hb) |
||
| 700 |
_aThapa, Jeevan _eAuthor _989489 |
||
| 700 |
_aPradhan, Deepak Kumar _eAuthor _989490 |
||
| 942 |
_2ddc _cEN _h307.14 _mSAH |
||
| 999 |
_c216824 _d216824 |
||